[Event "UKR-ch 91st"]
[Site "Poltava"]
[Date "2023.12.13"]
[Round "5"]
[White "Bakhmatsky, Vladislav"]
[Black "Polulikh, Bogdan"]
[Result "1/2-1/2"]
[WhiteElo "2465"]
[BlackElo "2346"]
[PlyCount "115"]
[EventDate "2023.12.09"]
[EventType "swiss"]
[EventRounds "9"]
[EventCountry "UKR"]
[SourceTitle "CB51_2023"]
[SourceDate "2023.12.20"]
[SourceVersion "1"]
[SourceVersionDate "2023.12.20"]
[SourceQuality "1"]

1. e4 e5 2. Nf3 Nf6 3. d4 Nxe4 4. Bd3 d5 5. Nxe5 Nd7 6. Nc3 Nxe5 7. dxe5 Nxc3 8. bxc3 Be6 9. 0-0 Qd7 10. Rb1 c6 11. Be3 b6 12. f4 Bf5 13. Bxf5 Qxf5 14. Qd3 Qxd3 15. cxd3 f5 16. a4 Kd7 17. c4 dxc4 18. dxc4 Kc7 19. Rb3 Be7 20. Rfb1 c5 21. Rd3 Rhd8 22. Rd5 Kc6 23. Rbd1 a6 24. R1d2 b5 25. axb5+ axb5 26. cxb5+ Kxb5 27. Rd7 Rxd7 28. Rxd7 Re8 29. Kf2 Kc6 30. Ra7 Kd5 31. Kf3 h6 32. h3 h5 33. g3 c4 34. Rc7 g6 35. g4 hxg4+ 36. hxg4 fxg4+ 37. Kxg4 Ke4 38. Bc5 Bxc5 39. Rxc5 Kd3 40. Kg5 Re6 41. Rd5+ Ke4 42. Rd6 Rxd6 43. exd6 c3 44. d7 c2 45. d8Q c1Q 46. Qa8+ Ke3 47. Qa7+ Kf3 48. Qb7+ Kg3 49. Qb3+ Kg2 50. Qd3 Kf2 51. Qxg6 Qg1+ 52. Kf5 Qb1+ 53. Kf6 Qa1+ 54. Kf7 Qa7+ 55. Kg8 Qb8+ 56. Kg7 Qxf4 57. Qf6 Qxf6+ 58. Kxf6 1/2-1/2

[Event "UKR-ch 91st"]
[Site "Poltava"]
[Date "2023.12.12"]
[Round "4"]
[White "Babayev, Murad1"]
[Black "Bakhmatsky, Vladislav"]
[Result "1/2-1/2"]
[WhiteElo "1896"]
[BlackElo "2465"]
[PlyCount "43"]
[EventDate "2023.12.09"]
[EventType "swiss"]
[EventRounds "9"]
[EventCountry "UKR"]
[SourceTitle "CB51_2023"]
[SourceDate "2023.12.20"]
[SourceVersion "1"]
[SourceVersionDate "2023.12.20"]
[SourceQuality "1"]

1. c4 b6 2. Nf3 Bb7 3. e3 Nf6 4. b3 e6 5. Bb2 Be7 6. Be2 0-0 7. 0-0 d5 8. Ne5 Nbd7 9. Nxd7 Qxd7 10. Bf3 c5 11. Qe2 Rfd8 12. Rd1 Rac8 13. d3 a6 14. Nd2 b5 15. e4 bxc4 16. dxc4 d4 17. e5 Ne8 18. Bxb7 Qxb7 19. Ne4 a5 20. Rd3 a4 21. Qf3 Qc7 22. Qg3 1/2-1/2

[Event "UKR-ch 91st"]
[Site "Poltava"]
[Date "2023.12.11"]
[Round "3"]
[White "Bakhmatsky, Vladislav"]
[Black "Lymar, Vladislav"]
[Result "1-0"]
[WhiteElo "2465"]
[BlackElo "2135"]
[PlyCount "83"]
[EventDate "2023.12.09"]
[EventType "swiss"]
[EventRounds "9"]
[EventCountry "UKR"]
[SourceTitle "CB51_2023"]
[SourceDate "2023.12.20"]
[SourceVersion "1"]
[SourceVersionDate "2023.12.20"]
[SourceQuality "1"]

1. e4 d6 2. d4 Nf6 3. Nc3 e5 4. Nf3 Nbd7 5. Bc4 Be7 6. 0-0 0-0 7. a4 c6 8. h3 h6 9. Be3 Re8 10. Re1 Bf8 11. Nd2 exd4 12. Bxd4 Nc5 13. Qf3 Be6 14. Rad1 Nfd7 15. Bf1 Qg5 16. g3 f5 17. Qg2 Qg6 18. f4 Nxe4 19. Ncxe4 fxe4 20. g4 e3 21. Bd3 Qf7 22. Bxe3 Bd5 23. Qg3 Nf6 24. Bf2 c5 25. c4 Bc6 26. Bc2 d5 27. cxd5 Bxd5 28. g5 Rxe1+ 29. Rxe1 Nh5 30. Qd3 g6 31. Be3 Bd6 32. Ne4 Bxf4 33. Nf6+ Nxf6 34. Bxf4 Nh7 35. gxh6 Nf8 36. Bd6 Qf3 37. Qxf3 Bxf3 38. Rf1 Rd8 39. Rxf3 Rxd6 40. Bb3+ Kh7 41. Rxf8 Kxh6 42. Bc4 1-0

[Event "UKR-ch 91st"]
[Site "Poltava"]
[Date "2023.12.10"]
[Round "2"]
[White "Zabolotny, Volodymyr"]
[Black "Bakhmatsky, Vladislav"]
[Result "0-1"]
[WhiteElo "1932"]
[BlackElo "2465"]
[PlyCount "77"]
[EventDate "2023.12.09"]
[EventType "swiss"]
[EventRounds "9"]
[EventCountry "UKR"]
[SourceTitle "CB51_2023"]
[SourceDate "2023.12.20"]
[SourceVersion "1"]
[SourceVersionDate "2023.12.20"]
[SourceQuality "1"]

1. Nf3 d5 2. e3 Nf6 3. b3 e6 4. Bb2 Be7 5. c4 0-0 6. Nc3 b6 7. Be2 Bb7 8. 0-0 dxc4 9. Bxc4 a6 10. d4 b5 11. Be2 Nbd7 12. Rc1 Qb8 13. Qc2 Rc8 14. Rfd1 c5 15. dxc5 Nxc5 16. b4 Na4 17. Qb3 Nxb2 18. Qxb2 Ng4 19. h3 Ne5 20. Nd2 Ng6 21. Nce4 Bd5 22. Nc5 a5 23. a3 axb4 24. axb4 Ra2 25. Qb1 Qa8 26. Bf1 Qa3 27. Bxb5 Rb8 28. Bc4 Rxd2 29. Rxd2 Rxb4 30. Bb3 Bxc5 31. Rxc5 Rxb3 32. Rc8+ Nf8 33. Qc2 Qb4 34. Rd4 Rb1+ 35. Kh2 Qd6+ 36. f4 Rb8 37. Kg1 Rxc8 38. Qxc8 Qa3 39. Qc1 0-1

[Event "UKR-ch 91st"]
[Site "Poltava"]
[Date "2023.12.09"]
[Round "1"]
[White "Bakhmatsky, Vladislav"]
[Black "Chubar, Vladimir"]
[Result "1-0"]
[WhiteElo "2465"]
[BlackElo "1805"]
[PlyCount "113"]
[EventDate "2023.12.09"]
[EventType "swiss"]
[EventRounds "9"]
[EventCountry "UKR"]
[SourceTitle "CB51_2023"]
[SourceDate "2023.12.20"]
[SourceVersion "1"]
[SourceVersionDate "2023.12.20"]
[SourceQuality "1"]

1. d4 e6 2. Nf3 f5 3. g3 Nf6 4. Bg2 d5 5. 0-0 Bd6 6. c4 c6 7. Nc3 0-0 8. Qc2 Ne4 9. Rb1 a5 10. a3 Bd7 11. c5 Bc7 12. Bf4 Be8 13. Qb3 Bxf4 14. Qxb7 Nd7 15. Nxe4 fxe4 16. Ne1 Bh6 17. Qxc6 Nf6 18. Qxe6+ Kh8 19. Nc2 Bb5 20. Rbe1 Ra6 21. Qh3 Bd2 22. Rd1 Bg5 23. f4 Bd7 24. g4 Bxg4 25. Qg3 Bh6 26. Rd2 Bd7 27. e3 Nh5 28. Qe1 Rg6 29. Kh1 Qc8 30. b4 axb4 31. Nxb4 Bh3 32. Nxd5 Bxg2+ 33. Rxg2 Rxg2 34. Kxg2 g5 35. Qe2 Ng7 36. fxg5 Bxg5 37. Rxf8+ Qxf8 38. Qg4 Bd8 39. Qxe4 Ba5 40. Nf4 Bc7 41. Nd5 Bb8 42. Qf3 Qe8 43. Kh1 h5 44. e4 Qb5 45. e5 Qb1+ 46. Kg2 Qc2+ 47. Kh3 Qg6 48. Nf6 Ne6 49. Qxh5+ Qxh5+ 50. Nxh5 Nxd4 51. Nf4 Kg7 52. Nd3 Nc6 53. Kg4 Nxe5+ 54. Nxe5 Bxe5 55. Kf5 Bxh2 56. Ke6 Kf8 57. Kd7 1-0

[Event "Morshyn Saint Charbel Cup"]
[Site "Morshyn"]
[Date "2023.09.07"]
[Round "4"]
[White "Bakhmatsky, Vladislav"]
[Black "Beliavsky, Alexander G"]
[Result "1/2-1/2"]
[WhiteElo "2458"]
[BlackElo "2486"]
[PlyCount "53"]
[EventDate "2023.09.05"]
[EventType "tourn"]
[EventRounds "9"]
[EventCountry "UKR"]
[EventCategory "6"]
[SourceTitle "EXT 2024"]
[Source "ChessBase"]
[SourceDate "2023.10.10"]
[SourceVersion "1"]
[SourceVersionDate "2023.10.10"]
[SourceQuality "1"]

1. e4 e5 2. Nf3 Nc6 3. Bc4 Nf6 4. d3 Bc5 5. c3 d6 6. 0-0 0-0 7. b4 Bb6 8. a4 a5 9. b5 Ne7 10. Nbd2 Ng6 11. Ba2 h6 12. Nc4 Re8 13. h3 d5 14. Nxb6 cxb6 15. exd5 Nxd5 16. Bd2 Ndf4 17. Bxf4 Nxf4 18. Re1 Nxd3 19. Nxe5 Nxe5 20. Qxd8 Rxd8 21. Rxe5 Kf8 22. Rae1 Bd7 23. Bd5 Rab8 24. c4 Re8 25. f4 Rxe5 26. fxe5 Ke7 27. Kf2 1/2-1/2

[Event "Morshyn Saint Charbel Cup Blitz"]
[Site "Morshyn"]
[Date "2023.09.04"]
[Round "5"]
[White "Bakhmatsky, Vladislav"]
[Black "Beliavsky, Alexander G"]
[Result "1-0"]
[WhiteElo "2458"]
[BlackElo "2486"]
[PlyCount "98"]
[EventDate "2023.09.04"]
[EventType "tourn (blitz)"]
[EventRounds "9"]
[EventCountry "UKR"]
[EventCategory "6"]
[SourceTitle "EXT 2024"]
[Source "ChessBase"]
[SourceDate "2023.10.10"]
[SourceVersion "1"]
[SourceVersionDate "2023.10.10"]
[SourceQuality "1"]

1. d4 Nf6 2. Nf3 e6 3. Bf4 c5 4. e3 Be7 5. h3 0-0 6. Nbd2 Nc6 7. c3 d5 8. Bd3 b6 9. 0-0 Bb7 10. Ne5 Nxe5 11. dxe5 Nd7 12. Qg4 Re8 13. Nf3 Nf8 14. h4 f5 15. exf6 Bxf6 16. Be5 Nd7 17. Qh5 h6 18. Bg6 Rf8 19. Bf4 Qe7 20. Bc2 e5 21. Qg6 e4 22. Bxh6 Ne5 23. Nxe5 Qxe5 24. Bf4 Qe8 25. Qxe8 Raxe8 26. h5 Be5 27. g3 Rf5 28. Bd1 Rff8 29. Kg2 Bc8 30. Rh1 Bxf4 31. gxf4 d4 32. cxd4 cxd4 33. Bb3+ Be6 34. Bxe6+ Rxe6 35. exd4 Rxf4 36. Rae1 Rd6 37. Rd1 Rg4+ 38. Kf1 Rf6 39. Ke2 Rg2 40. Rdf1 Rc6 41. Kd2 Rf6 42. Ke3 Rc6 43. Kxe4 Rc2 44. Kf4 Rg5 45. b4 Ra5 46. f3 Raxa2 47. d5 Rg2 48. Rd1 Kf7 49. Rhe1 Rad2 1-0

[Event "Morshyn Saint Charbel Cup Blitz"]
[Site "Morshyn"]
[Date "2023.09.04"]
[Round "9"]
[White "Bakhmatsky, Vladislav"]
[Black "Fishchuk, Vladyslav"]
[Result "1-0"]
[WhiteElo "2458"]
[BlackElo "2204"]
[PlyCount "99"]
[EventDate "2023.09.04"]
[EventType "tourn (blitz)"]
[EventRounds "9"]
[EventCountry "UKR"]
[EventCategory "6"]
[SourceTitle "EXT 2024"]
[Source "ChessBase"]
[SourceDate "2023.10.10"]
[SourceVersion "1"]
[SourceVersionDate "2023.10.10"]
[SourceQuality "1"]

1. d4 Nf6 2. Nf3 d5 3. Bf4 c5 4. e3 Nc6 5. Nbd2 e6 6. c3 Nh5 7. Bg5 f6 8. Bh4 g6 9. Bd3 cxd4 10. cxd4 Bd6 11. 0-0 0-0 12. a3 Qe7 13. b4 a6 14. Qb3 g5 15. Bg3 Nxg3 16. hxg3 Bd7 17. e4 g4 18. exd5 exd5 19. Nh4 Qf7 20. Qb2 f5 21. Nb3 Qh5 22. Nc5 Bc8 23. Qb3 f4 24. Be4 Ne7 25. Rae1 b6 26. Na4 Rb8 27. Nc3 fxg3 28. fxg3 Bb7 29. Ne2 Kg7 30. Bb1 Rbc8 31. Qd3 a5 32. b5 Rce8 33. Rxf8 Rxf8 34. Nf4 Bxf4 35. Rxe7+ Rf7 36. Nf5+ Kg8 37. Re8+ Rf8 38. Rxf8+ Kxf8 39. gxf4 Bc8 40. Ng3 Qe8 41. Kf2 Qe7 42. Qxh7 Qxa3 43. Qh8+ Ke7 44. Qxc8 Qb2+ 45. Qc2 Qxd4+ 46. Ke2 Qxf4 47. Nf5+ Kf6 48. Qc3+ Ke6 49. Qc6+ Kf7 50. Qd7+ 1-0

[Event "Kyiv Spring op"]
[Site "Kiev"]
[Date "2023.03.28"]
[Round "5"]
[White "Bakhmatsky, Vladislav"]
[Black "Sakun, Volodymyr"]
[Result "1/2-1/2"]
[WhiteElo "2477"]
[BlackElo "2340"]
[PlyCount "97"]
[EventDate "2023.03.25"]
[EventType "swiss"]
[EventRounds "9"]
[EventCountry "UKR"]
[SourceTitle "CBM 213 Extra"]
[Source "ChessBase"]
[SourceDate "2023.05.31"]
[SourceVersion "1"]
[SourceVersionDate "2023.05.31"]
[SourceQuality "1"]

1. e4 e5 2. Nf3 Nf6 3. Nxe5 d6 4. Nf3 Nxe4 5. Nc3 Nxc3 6. dxc3 Be7 7. Be3 Nd7 8. Qd2 0-0 9. 0-0-0 Nf6 10. Bd3 d5 11. h4 Re8 12. Kb1 c5 13. h5 h6 14. Rdg1 Ng4 15. Bf4 Qb6 16. Ne5 Nxe5 17. Bxe5 Bg5 18. Bf4 Bxf4 19. Qxf4 c4 20. Re1 Bd7 21. Bf5 Bxf5 22. Qxf5 d4 23. cxd4 Qxd4 24. Rd1 Qe4 25. Qxe4 Rxe4 26. Rd7 b5 27. Rb7 a6 28. a4 bxa4 29. Rb4 a3 30. bxa3 a5 31. Rb5 Re2 32. Rf1 Rd8 33. Rc5 Rdd2 34. Rxc4 Rxf2 35. Re1 Rxg2 36. Rc8+ Kh7 37. Ree8 g5 38. Rh8+ Kg7 39. Rcg8+ Kf6 40. Rxh6+ Ke5 41. Rc6 Rd1+ 42. Kb2 Rh1 43. Rh8 Rgh2 44. Rf8 Rf2 45. Rh8 g4 46. Rc5+ Kf6 47. Rg8 Rf5 48. Rc6+ Ke7 49. Rxg4 1/2-1/2

[Event "Kiev Spring op"]
[Site "Kiev"]
[Date "2023.03.27"]
[Round "4"]
[White "Filippskikh, Oleksii"]
[Black "Bakhmatsky, Vladislav"]
[Result "0-1"]
[WhiteElo "2037"]
[BlackElo "2477"]
[PlyCount "90"]
[EventDate "2023.03.25"]
[EventType "swiss"]
[EventRounds "9"]
[EventCountry "UKR"]
[SourceTitle "EXT 2024"]
[Source "ChessBase"]
[SourceDate "2023.10.10"]
[SourceVersion "1"]
[SourceVersionDate "2023.10.10"]
[SourceQuality "1"]

1. d4 Nf6 2. c4 g6 3. g3 Bg7 4. Bg2 0-0 5. Nf3 d6 6. Nc3 Nc6 7. 0-0 e5 8. dxe5 dxe5 9. Qxd8 Rxd8 10. Bg5 Be6 11. Nd2 h6 12. Bxf6 Bxf6 13. Nde4 Be7 14. Nd5 Rac8 15. Nxe7+ Nxe7 16. b3 b6 17. Rfd1 Kg7 18. Nc3 c6 19. Kf1 f5 20. Ke1 Kf6 21. Rxd8 Rxd8 22. Rd1 Rxd1+ 23. Kxd1 g5 24. e3 e4 25. g4 Ke5 26. gxf5 Bxf5 27. Kd2 Ng8 28. Ne2 c5 29. f4+ exf3 30. Bxf3 Be4 31. Bg4 Nf6 32. Bc8 Bf5 33. Bxf5 Kxf5 34. Ng3+ Kg4 35. e4 Kf4 36. Kd3 Ng4 37. Nf5 Nxh2 38. Nxh6 Nf3 39. Nf5 g4 40. Ne3 Ne5+ 41. Ke2 Kxe4 42. a3 Kd4 43. Kd2 Ke4 44. Ke2 g3 45. Ng2 Ng6 0-1

[Event "Kyiv Spring op"]
[Site "Kiev"]
[Date "2023.03.26"]
[Round "2"]
[White "Fainkihen, Efim"]
[Black "Bakhmatsky, Vladislav"]
[Result "0-1"]
[WhiteElo "1972"]
[BlackElo "2477"]
[PlyCount "76"]
[EventDate "2023.03.25"]
[EventType "swiss"]
[EventRounds "9"]
[EventCountry "UKR"]
[SourceTitle "CBM 213 Extra"]
[Source "ChessBase"]
[SourceDate "2023.05.31"]
[SourceVersion "1"]
[SourceVersionDate "2023.05.31"]
[SourceQuality "1"]

1. d4 d5 2. c4 e6 3. Nf3 Nf6 4. g3 dxc4 5. Qa4+ Nbd7 6. Bg2 a6 7. Nc3 Rb8 8. Qxc4 b5 9. Qd3 Bb7 10. Nh4 Bxg2 11. Nxg2 c5 12. Bf4 Rc8 13. 0-0 Qb6 14. d5 c4 15. Qf3 Bc5 16. Ne3 0-0 17. Rad1 Bd4 18. dxe6 fxe6 19. Rxd4 Qxd4 20. Rd1 Qa7 21. Bd6 Rf7 22. Qg2 Nc5 23. Qh3 Re8 24. Qh4 Rd7 25. Qd4 Nce4 26. Qe5 Nxf2 27. Bc5 N2g4 28. Nxg4 Nxg4 29. Qh5 Rxd1+ 30. Nxd1 Qd7 31. Nc3 Nf6 32. Qe5 Qf7 33. a4 Nd7 34. Qd6 Nxc5 35. Qxc5 Rf8 36. Kh1 Qf1+ 37. Qg1 b4 38. Nd1 Qxe2 0-1

[Event "Lvov Vasylyshyn Memorial 19th"]
[Site "Lvov"]
[Date "2022.12.16"]
[Round "6"]
[White "Bakhmatsky, Vladislav"]
[Black "Dankulinec, Julia"]
[Result "1-0"]
[WhiteElo "2468"]
[BlackElo "1702"]
[PlyCount "47"]
[EventDate "2022.12.12"]
[EventType "tourn"]
[EventRounds "9"]
[EventCountry "UKR"]
[EventCategory "4"]
[SourceTitle "CBM 211 Extra"]
[Source "ChessBase"]
[SourceDate "2023.01.31"]
[SourceVersion "1"]
[SourceVersionDate "2023.01.31"]
[SourceQuality "1"]

1. e4 c5 2. Nf3 d6 3. c3 Nf6 4. h3 g6 5. Bd3 Nc6 6. 0-0 Bg7 7. Bc2 0-0 8. d4 b6 9. e5 Nd7 10. e6 fxe6 11. d5 Nce5 12. Ng5 Nf6 13. Nxe6 Bxe6 14. dxe6 Qc7 15. f4 Nh5 16. fxe5 Rxf1+ 17. Qxf1 Rf8 18. Qd1 Ng3 19. Nd2 c4 20. Ne4 Bxe5 21. Bh6 Nxe4 22. Bxe4 Qc5+ 23. Kh1 Qf2 24. Bxf8 1-0

[Event "Lvov Vasylyshyn Memorial 19th"]
[Site "Lvov"]
[Date "2022.12.15"]
[Round "5"]
[White "Pacher, Milan"]
[Black "Bakhmatsky, Vladislav"]
[Result "0-1"]
[WhiteElo "2427"]
[BlackElo "2468"]
[PlyCount "84"]
[EventDate "2022.12.12"]
[EventType "tourn"]
[EventRounds "9"]
[EventCountry "UKR"]
[EventCategory "4"]
[SourceTitle "CBM 211 Extra"]
[Source "ChessBase"]
[SourceDate "2023.01.31"]
[SourceVersion "1"]
[SourceVersionDate "2023.01.31"]
[SourceQuality "1"]

1. e4 c5 2. Nf3 e6 3. d4 cxd4 4. Nxd4 Nf6 5. Nc3 Nc6 6. Ndb5 Bc5 7. Bf4 0-0 8. Bc7 Qe7 9. Bd6 Bxd6 10. Qxd6 Qd8 11. 0-0-0 a6 12. Nd4 Ne7 13. h4 b5 14. h5 h6 15. Rh4 Bb7 16. Qg3 Ne8 17. e5 Qc7 18. Bd3 f6 19. f4 b4 20. Nce2 Bd5 21. Kb1 d6 22. f5 fxe5 23. Nxe6 Bxe6 24. fxe6 d5 25. Bg6 Nxg6 26. hxg6 Qd6 27. Qb3 Nf6 28. Rxb4 Qxe6 29. Nc3 Rad8 30. Rb6 Qg4 31. Rc1 Qxg2 32. Rxa6 Kh8 33. Qb7 e4 34. Re6 Qxg6 35. Nxd5 Qf5 36. Nc7 Nd5 37. Ra6 Nc3+ 38. bxc3 Rb8 39. Qb3 Rxb3+ 40. axb3 e3 41. Ne6 Re8 42. Nd4 Qf2 0-1

[Event "Kiev Anfield Cup 1st"]
[Site "Kiev"]
[Date "2022.09.25"]
[Round "6"]
[White "Bakhmatsky, Vladislav"]
[Black "Pavlov, Sergey1111"]
[Result "1/2-1/2"]
[WhiteElo "2468"]
[BlackElo "2473"]
[PlyCount "92"]
[EventDate "2022.09.24"]
[EventType "swiss"]
[EventRounds "9"]
[EventCountry "UKR"]
[SourceTitle "CBM 210 Extra"]
[Source "ChessBase"]
[SourceDate "2022.11.30"]
[SourceVersion "1"]
[SourceVersionDate "2022.11.30"]
[SourceQuality "1"]

1. d4 Nf6 2. Nf3 e6 3. Bf4 c5 4. e3 Nc6 5. Nbd2 d5 6. c3 cxd4 7. exd4 Nh5 8. Be3 Bd6 9. Ne5 Nf6 10. f4 Qb6 11. Qb3 Ng8 12. Bd3 Nge7 13. 0-0 f6 14. Nxc6 bxc6 15. Qc2 Rb8 16. b4 Ba6 17. Nb3 Bxd3 18. Qxd3 Kf7 19. a4 h5 20. g3 Nf5 21. Bf2 Qc7 22. Qf3 Rbg8 23. Be3 g5 24. fxg5 h4 25. Nc5 Bxc5 26. bxc5 hxg3 27. hxg3 Qxg3+ 28. Qxg3 Nxg3 29. Rxf6+ Ke7 30. Ra2 Ne4 31. Rf3 Nxg5 32. Bxg5+ Rxg5+ 33. Rg2 Rhg8 34. Rxg5 Rxg5+ 35. Kf2 Rf5 36. Rxf5 exf5 37. Ke3 Kf6 38. a5 a6 39. Kf4 Kg6 40. Kf3 Kg5 41. c4 dxc4 42. d5 c3 43. dxc6 c2 44. c7 c1Q 45. c8Q Qc3+ 46. Kf2 Qd2+ 1/2-1/2

[Event "Kiev Anfield Cup 1st"]
[Site "Kiev"]
[Date "2022.09.25"]
[Round "9"]
[White "Kislinsky, Alexey"]
[Black "Bakhmatsky, Vladislav"]
[Result "0-1"]
[WhiteElo "2359"]
[BlackElo "2468"]
[PlyCount "136"]
[EventDate "2022.09.24"]
[EventType "swiss"]
[EventRounds "9"]
[EventCountry "UKR"]
[SourceTitle "CBM 210 Extra"]
[Source "ChessBase"]
[SourceDate "2022.11.30"]
[SourceVersion "1"]
[SourceVersionDate "2022.11.30"]
[SourceQuality "1"]

1. e4 e5 2. d4 exd4 3. Qxd4 Nc6 4. Qd3 Nf6 5. Nc3 Bc5 6. Bf4 d6 7. Qd2 Be6 8. 0-0-0 h6 9. f3 Nh5 10. Nge2 Nxf4 11. Nxf4 a6 12. Kb1 Qd7 13. h4 0-0-0 14. h5 Rhe8 15. g3 Ne5 16. Nxe6 fxe6 17. Be2 d5 18. f4 d4 19. fxe5 dxc3 20. Qxc3 Bd4 21. Qc4 b5 22. Qb3 Qc6 23. c4 Qxe4+ 24. Bd3 bxc4 25. Qxc4 Qb7 26. Rh2 Bxe5 27. Rc2 Rd6 28. Re1 Bf6 29. Be4 Qb6 30. Rec1 Re7 31. Bc6 Rd4 32. Qe2 Kb8 33. a3 Ka7 34. Ka2 Rd6 35. Rc4 Rd4 36. R4c3 Rd6 37. Rc4 Rd4 38. R4c3 Rd6 39. Rb3 Rxc6 40. Rxb6 Rxb6 41. b4 Rd7 42. Rc2 Kb8 43. Qc4 Kb7 44. Qe4+ Kb8 45. Qc4 Kb7 46. Kb3 Kb8 47. Ka4 Kb7 48. Qe4+ Kb8 49. Qf4 Kb7 50. Qc4 Kb8 51. Re2 Rdd6 52. Rc2 Rd7 53. Qe4 Rdd6 54. Rc4 Rd7 55. g4 Rdd6 56. Qg6 Kb7 57. Qf7 Rbc6 58. Re4 Rc3 59. b5 axb5+ 60. Kb4 Kb6 61. Qxf6 gxf6 62. Kxc3 c5 63. a4 b4+ 64. Kb3 e5 65. Re3 Rd4 66. Rf3 Rf4 67. Rg3 Ka5 68. Rg2 c4+ 0-1

[Event "Kiev Anfield Cup 1st"]
[Site "Kiev"]
[Date "2022.09.25"]
[Round "7"]
[White "Samunenkov, Igor"]
[Black "Bakhmatsky, Vladislav"]
[Result "1/2-1/2"]
[WhiteElo "2469"]
[BlackElo "2468"]
[PlyCount "57"]
[EventDate "2022.09.24"]
[EventType "swiss"]
[EventRounds "9"]
[EventCountry "UKR"]
[SourceTitle "CBM 210 Extra"]
[Source "ChessBase"]
[SourceDate "2022.11.30"]
[SourceVersion "1"]
[SourceVersionDate "2022.11.30"]
[SourceQuality "1"]

1. d4 Nf6 2. c4 e6 3. Nf3 d5 4. g3 dxc4 5. Bg2 c5 6. 0-0 Nc6 7. dxc5 Qxd1 8. Rxd1 Bxc5 9. Nbd2 c3 10. bxc3 0-0 11. Nb3 Be7 12. Nfd4 Bd7 13. Nb5 Ne5 14. Nd6 Bxd6 15. Rxd6 Bc6 16. Bxc6 Nxc6 17. Nc5 Na5 18. Bg5 Nd5 19. e4 Nxc3 20. Rd3 Nb5 21. Rb1 a6 22. Nd7 Rfe8 23. a4 Na7 24. Nb6 Rab8 25. Rbd1 N7c6 26. Nd7 Rbc8 27. Nb6 Rb8 28. Nd7 Rbc8 29. Nb6 1/2-1/2

[Event "Cappelle op 38th"]
[Site "Cappelle la Grande"]
[Date "2022.02.15"]
[Round "5"]
[White "Bakhmatsky, Vladislav"]
[Black "Dardha, Daniel"]
[Result "1/2-1/2"]
[WhiteElo "2443"]
[BlackElo "2541"]
[PlyCount "88"]
[EventDate "2022.02.12"]
[EventType "swiss"]
[EventRounds "9"]
[EventCountry "FRA"]
[SourceTitle "CBM 206 Extra"]
[Source "ChessBase"]
[SourceDate "2022.03.31"]
[SourceVersion "1"]
[SourceVersionDate "2022.03.31"]
[SourceQuality "1"]

1. e4 e5 2. Nf3 Nf6 3. Nxe5 d6 4. Nd3 Nxe4 5. Qe2 Qe7 6. Nf4 Nf6 7. Nc3 c6 8. d4 Qxe2+ 9. Bxe2 d5 10. Nd3 Bf5 11. Bf4 Be7 12. 0-0-0 0-0 13. Ne5 Nbd7 14. Bd3 Bxd3 15. Nxd3 Rfe8 16. Rhe1 Bf8 17. f3 a5 18. a4 Rec8 19. Kb1 Nb6 20. b3 Nbd7 21. Ne5 Nxe5 22. Bxe5 Nd7 23. Bf4 Bb4 24. Re3 Re8 25. Rdd3 f6 26. Kb2 g5 27. Rxe8+ Rxe8 28. Re3 Rc8 29. Bg3 Kf7 30. Na2 Be7 31. Be1 Bd8 32. c4 c5 33. cxd5 cxd4 34. Rd3 Bb6 35. Bf2 Ne5 36. Rd2 Rd8 37. Bxd4 Rxd5 38. Kc3 Bc7 39. Bf2 Ke6 40. Rxd5 Kxd5 41. Bg3 h5 42. h4 Bd8 43. hxg5 fxg5 44. Kd2 Be7 1/2-1/2

[Event "UKR-ch 90th"]
[Site "Kharkov"]
[Date "2021.12.17"]
[Round "9"]
[White "Kravtsiv, Martyn"]
[Black "Bakhmatsky, Vladislav"]
[Result "1-0"]
[WhiteElo "2604"]
[BlackElo "2432"]
[PlyCount "131"]
[EventDate "2021.12.08"]
[EventType "tourn"]
[EventRounds "9"]
[EventCountry "UKR"]
[EventCategory "14"]
[SourceTitle "CBM 206"]
[Source "ChessBase"]
[SourceDate "2022.02.28"]
[SourceVersion "1"]
[SourceVersionDate "2022.02.28"]
[SourceQuality "1"]

1. e4 e6 2. d4 d5 3. e5 c5 4. c3 Nc6 5. Nf3 Bd7 6. Be2 f6 7. 0-0 fxe5 8. dxe5 Nh6 9. c4 d4 10. Bxh6 gxh6 11. Nbd2 Qc7 12. Re1 0-0-0 13. Bd3 Be8 14. a3 Rg8 15. Be4 Kb8 16. Qb1 Bg6 17. Bxg6 Rxg6 18. g3 Be7 19. Re4 Rf8 20. Qd3 Rg7 21. Qe2 Rf5 22. Rf1 h5 23. Ne1 Nxe5 24. f4 Ng4 25. Ng2 e5 26. fxe5 Rxe5 27. Rxe5 Qxe5 28. Qxe5+ Nxe5 29. b3 h4 30. Rf5 Nd7 31. Ne4 hxg3 32. hxg3 b6 33. Nf4 Bd8 34. Kf2 Bc7 35. Nd5 Kb7 36. g4 Ne5 37. g5 Nf7 38. Ndf6 Nd6 39. Nxd6+ Bxd6 40. Ne8 Rd7 41. Nxd6+ Rxd6 42. Rf7+ Kc6 43. Rxh7 Rd8 44. Rh6+ Kc7 45. Kf3 d3 46. Rh1 d2 47. Ke2 Kd6 48. Kxd2 Ke5+ 49. Ke3 Rg8 50. Rg1 Rg6 51. Rd1 Rg8 52. Rd5+ Ke6 53. Ke4 Rh8 54. Re5+ Kf7 55. Kd5 Rh3 56. b4 Rd3+ 57. Kc6 Rxa3 58. bxc5 Ra4 59. Kb5 Ra5+ 60. Kb4 Kg6 61. Re6+ Kxg5 62. cxb6 axb6 63. Rxb6 Ra1 64. Re6 Kf5 65. Re2 Ra8 66. c5 1-0

[Event "UKR-ch 90th"]
[Site "Kharkov"]
[Date "2021.12.15"]
[Round "7"]
[White "Vysochin, Spartak"]
[Black "Bakhmatsky, Vladislav"]
[Result "0-1"]
[WhiteElo "2505"]
[BlackElo "2432"]
[PlyCount "92"]
[EventDate "2021.12.08"]
[EventType "tourn"]
[EventRounds "9"]
[EventCountry "UKR"]
[EventCategory "14"]
[SourceTitle "CBM 206"]
[Source "ChessBase"]
[SourceDate "2022.02.28"]
[SourceVersion "1"]
[SourceVersionDate "2022.02.28"]
[SourceQuality "1"]

1. e4 c5 2. Nf3 d6 3. Bb5+ Nd7 4. 0-0 a6 5. Bd3 Ngf6 6. Re1 e6 7. c3 b5 8. Bc2 Bb7 9. d4 Be7 10. a4 cxd4 11. cxd4 0-0 12. a5 Qc7 13. Nbd2 Rac8 14. Bd3 Rfe8 15. Nb3 Bf8 16. Bd2 g6 17. h3 Bg7 18. Bb4 Qb8 19. Nbd2 Bf8 20. Qb3 e5 21. dxe5 dxe5 22. Bxf8 Rxf8 23. Bb1 Kg7 24. Qe3 Qd6 25. Nf1 Qb4 26. Ng3 Qxb2 27. Ba2 Rc2 28. Nh4 Qb4 29. Rec1 Rfc8 30. Rxc2 Rxc2 31. Qg5 Rxa2 32. Rd1 Kh8 33. Rxd7 Nxd7 34. Qd8+ Qf8 35. Qxd7 Bc8 36. Qc7 f6 37. Nf3 Ra1+ 38. Kh2 Rd1 39. Ne2 Qd8 40. Qc5 Rd6 41. Nc3 Be6 42. g4 h6 43. Ne2 Qd7 44. Ng3 Kg7 45. Nf1 Rc6 46. Qa3 Qd6 0-1